000 00852nmc a2200313 a 4500
003 AR-BaBNM
005 20251128210113.0
008 259019s1997 ||||||||||||||000 | spa||
020 _a950-888-075-9
040 _cAR-BaBNM
100 1 _aEstévez, Cesar R.
245 1 0 _aEscuela y salud
_barmando proyectos
260 _aBuenos Aires
_bMétodos
_c1997
300 0 _a160 p.
490 0 _aBiblioteca del docente creativo
504 _aContiene bibliografía p. 155-157
650 4 _aESCUELAS
650 4 _aSALUD
650 4 _aINVESTIGACION
650 4 _aBUSQUEDA DE INFORMACION
650 4 _aPROCESAMIENTO DE LA INFORMACION
650 4 _aEVALUACION
653 0 _aEDUCACION PARA LA SALUD
653 0 _aPROYECTOS DE AULA
653 0 _aPROYECTOS CURRICULARES
653 0 _aCONTENIDOS CURRICULARES
942 _cBK
998 _cRaquel
999 _c14058
_d14058